[Event "Interzonal-16"]
[Site "Biel"]
[Date "1993.??.??"]
[Round "2"]
[White "Kakageldyev, Amanmurad"]
[Black "Gurevich, Ilya"]
[Result "0-1"]
[WhiteElo "2465"]
[BlackElo "2575"]
[Annotator "Ftacnik,L"]
[PlyCount "100"]
[EventDate "1993.07.16"]
[EventType "swiss"]
[EventRounds "13"]
[EventCountry "SUI"]
[SourceTitle "CBM 037"]
[Source "ChessBase"]
[SourceDate "1993.12.01"]
[SourceVersion "1"]
[SourceVersionDate "1993.12.01"]
[SourceQuality "1"]

1. d4 Nf6 2. c4 g6 3. Nc3 d5 4. Nf3 Bg7 5. Bg5 Ne4 6. cxd5 Nxg5 7. Nxg5 e6 (
7... O-O) 8. Nf3 exd5 9. e3 a5 10. Be2 O-O 11. O-O Re8 12. a3 Bf8 13. Ne1 $5 (
13. Ne5) 13... c6 14. Nd3 Bd6 $10 15. b4 $6 (15. Rc1) 15... Qe7 16. Qb3 b5 $1
$15 {/\ Nd7-b6-c4} 17. Rfe1 Bf5 $1 {><e4} 18. Nc5 Nd7 19. Bf1 Nb6 $1 20. bxa5
$6 (20. g3 Nc4 $15) 20... Nc4 21. a4 (21. Bxc4 bxc4 22. Qb6 Bxc5 23. dxc5 (23.
Qxc5 Qxc5 24. dxc5 Bd3 $1 $19) 23... d4 $1 $17) 21... b4 $1 22. Bxc4 (22. Na2
Bxc5 23. dxc5 Nxa5 24. Qxb4 Reb8 25. Qf4 Nb3 26. Rad1 Nxc5 $17) 22... bxc3 23.
Bf1 Bxc5 24. dxc5 Qxc5 25. Rec1 $8 (25. Rac1 d4 26. exd4 Rxe1 27. Rxe1 Qxd4 $19
) 25... c2 26. Bd3 Rxe3 $1 27. Qxc2 $8 (27. fxe3 Qxe3+ 28. Kh1 Qxd3 29. Qxd3
Bxd3 $19) 27... Qxc2 28. Bxc2 Re6 29. Bxf5 gxf5 $17 {_|_} 30. Rc5 Kf8 31. g3 (
31. f3 $142 {><e4}) 31... Ke7 32. Rac1 Ra6 33. Kg2 Kd6 34. R5c3 Re4 35. Rf3 f4
$1 36. gxf4 Rxa5 37. Rh3 Rxf4 38. Rh6+ f6 39. Rxh7 Raxa4 40. Rh8 Rac4 $5 (40...
Ra2 41. Rf1 d4) 41. Kg3 $6 (41. Re1 Rfe4 42. Ra1 Rg4+ 43. Kf3 Rcf4+ 44. Ke3 Rh4
$19) 41... Rg4+ 42. Kf3 Rxc1 43. Kxg4 d4 $19 44. h4 Kc5 45. h5 d3 46. Rd8 Kc4
47. Kf5 (47. Kf4 c5 $1 {><d4} 48. Ke3 Re1+ 49. Kf4 Rh1) 47... Rh1 48. Kg6 c5
49. h6 Kc3 50. h7 d2 0-1

[Event "Terrassa"]
[Site "Terrassa"]
[Date "1991.??.??"]
[Round "3"]
[White "Lautier, Joel"]
[Black "Ivanchuk, Vassily"]
[Result "0-1"]
[WhiteElo "2550"]
[BlackElo "2695"]
[Annotator "Ftacnik,L"]
[PlyCount "50"]
[EventDate "1991.05.??"]
[EventType "tourn"]
[EventRounds "9"]
[EventCountry "ESP"]
[EventCategory "12"]
[SourceTitle "CBM 024"]
[Source "ChessBase"]
[SourceDate "1991.10.01"]
[SourceVersion "1"]
[SourceVersionDate "1991.10.01"]
[SourceQuality "1"]

1. d4 Nf6 2. c4 g6 3. Nc3 d5 4. Nf3 Bg7 5. Bg5 Ne4 6. Bh4 Nxc3 7. bxc3 dxc4 8.
Qa4+ Qd7 9. Qxc4 b6 10. e3 Ba6 11. Qb3 Bxf1 12. Kxf1 O-O (12... Nc6 13. Ke2 O-O
14. Rhd1 Na5 15. Qb4 e6 {Beliavsky,A-Kindermann,S/Munich/1990/ ->CBM 18}) (
12... c5 13. d5 $1 O-O 14. Rd1 e5 15. dxe6 Qxe6 16. Qxe6 fxe6 17. c4 $14 {
Grivas-Schmidt,W/Novi Sad ol/1990/}) 13. Ke2 c5 14. dxc5 Na6 $1 15. Rhd1 (15.
cxb6 Nc5 16. Qc4 axb6 $44) 15... Qc7 16. cxb6 axb6 17. a4 Nc5 18. Qb4 Ra5 19.
Bg3 (19. Nd4 $5 $13) 19... e5 20. Nd2 Rfa8 21. Nc4 Nxa4 $1 22. Kf1 (22. Nxa5
Nxc3+ 23. Kf1 bxa5 24. Qb3 Nxd1 $17) 22... Bf8 23. Nd6 (23. Qb3 Nc5 24. Qb2 Nd3
$19) 23... Nxc3 24. Rac1 Rc5 25. Rd3 Ne4 $1 {Ftacnik,L} (25... Ne4 $1 26. Rxc5
Nxc5 $19) 0-1

[Event "EU-ch 4th"]
[Site "Istanbul"]
[Date "2003.06.05"]
[Round "6"]
[White "Zaja, Ivan"]
[Black "Cherniaev, Alexander"]
[Result "1-0"]
[WhiteElo "2417"]
[BlackElo "2501"]
[Annotator "Ftacnik,L"]
[PlyCount "59"]
[EventDate "2003.05.30"]
[EventType "swiss"]
[EventRounds "13"]
[EventCountry "TUR"]
[SourceTitle "CBM 096"]
[Source "ChessBase"]
[SourceDate "2003.09.25"]
[SourceVersion "1"]
[SourceVersionDate "2003.09.25"]
[SourceQuality "1"]

1. d4 Nf6 2. c4 g6 3. Nc3 d5 4. Nf3 Bg7 5. Bg5 c5 6. Bxf6 Bxf6 7. cxd5 Qb6 8.
e3 cxd4 (8... Qxb2 9. Qc1 Qxc1+ 10. Rxc1 cxd4 11. Nb5 Na6 12. Nbxd4 b6 13. Bb5+
Kf8 14. e4 Bxd4 15. Nxd4 Nc5 16. f3 e6 (16... Bb7 17. Ke2 Kg7 18. Rhd1 Rac8 19.
Ke3 Rhd8 {1/2-1/2 Gabriel,R-Duppel,M/Wuerttemberg 1996/ (32)}) 17. Bc4 exd5 18.
Bxd5 Rb8 19. O-O Bb7 20. Nb3 Bxd5 21. Nxc5 bxc5 22. exd5 {1/2-1/2 Zvjaginsev,
V-Svidler,P/Tivat 1995/ (22)}) 9. Bb5+ (9. Nxd4 Qxb2 10. Ncb5 Qb4+ 11. Qd2
Qxd2+ 12. Kxd2 Na6 13. Rc1 O-O 14. f4 Rd8 15. e4 Bd7 16. Ke3 Rac8 17. Be2 Bxb5
18. Nxb5 Nb4 19. a3 Na2 20. Rxc8 Rxc8 21. e5 Bg7 22. Nxa7 Rc3+ 23. Kd2 Bh6 24.
g3 g5 {1/2-1/2 Roelli,C-Wilson,A/Silvaplana 2003/ (37)}) 9... Bd7 {Black can
not complain about the outcome of the opening, white has only one trumph in
the development advantage.} (9... Kf8 10. Nxd4 a6 11. Qa4 Ra7 12. Be2 Qxb2 13.
O-O Bd7 14. Bb5 Qxc3 15. Rac1 Qb2 16. Rb1 Bxb5 17. Nxb5 axb5 18. Qxa7 Qe5 19.
Rxb5 Kg7 20. Rxb7 {1-0 Turzo,A-Blasko,I/Aggtelek 2000/ (27)}) 10. Nxd4 Bxb5 (
10... Bxd4 11. Qxd4 Qxd4 12. exd4 Bxb5 13. Nxb5 Kd7 14. Rc1 a6 15. Nc3 Kd6 16.
Ke2 $16) (10... O-O 11. a4 $16) 11. Ncxb5 a6 12. Nc3 Qxb2 13. Rc1 Nd7 (13...
Bxd4 14. exd4 O-O 15. Qd2 Qxd2+ 16. Kxd2 Rd8 17. Rhe1 Kf8 $11) 14. O-O O-O (
14... Rc8 15. Rc2 Qb6 16. Na4 Qd8 17. Rxc8 Qxc8 18. Qd2 O-O 19. Rc1 Qb8 $11)
15. Rc2 Qb6 16. Qg4 Rfd8 $2 {Surprisingly critical move, since now white can
use his central build up for dangerous activity.} (16... Ne5 $1 17. Qe2 (17.
Qe4 Qd6 18. Qf4 Rfc8 $11) 17... Qd6 18. Rd1 Rac8 $11) 17. Rb1 Qa7 (17... Qc7
18. Ne4 Qa5 19. d6 $16) 18. d6 $1 Ne5 (18... exd6 19. Nd5 Bg7 20. Rc7 Ne5 21.
Qe4 Rab8 22. f4 Rd7 (22... Nd7 23. Nc6 $18) 23. Nc6 $18) 19. Qe4 Rxd6 (19... b5
20. Nd5 $1 Rxd6 21. Rc7 Qb8 22. Nxe7+ Bxe7 23. Rxe7 Nc4 24. Qf3 Qf8 25. Rxf7
Qxf7 26. Qxa8+ $16) 20. Rxb7 Qc5 21. Rb5 (21. Rxe7 $6 Nc6 $1 22. Nce2 (22. Re8+
Rxe8 23. Qxe8+ Kg7 24. Qc8 Bxd4 25. exd4 Qxd4 $17) 22... Qb4 23. Re8+ Kg7 $15)
21... axb5 22. Qxa8+ Kg7 23. g3 (23. Ncxb5 $4 Qxc2 24. Nxc2 Rd1+ $19) 23... Rd7
$2 {Cherniaev understood the imperative character of the moment, but could not
find courage for the real solution with the daring 23...Rxd4!?} (23... Rxd4 $5
24. exd4 Qxd4 25. Qe4 b4 26. Kf1 Nc6 27. Qxc6 bxc3 28. Qf3 Qa4 $11) 24. Ncxb5
Qb4 (24... Nc4 25. Qc6 Qxc6 26. Nxc6 Nb2 27. Kf1 $16) 25. Rc8 h6 $2 (25... Kh6
26. Qe4 Qd2 27. Qc2 $16) 26. Rh8 Bg5 27. Qf8+ Kf6 28. Rg8 Rxd4 (28... Nf3+ 29.
Kg2 Nxd4 30. Qg7+ Ke6 31. Nxd4+ Kd6 32. Qxf7 $18) 29. Nxd4 Qb1+ 30. Kg2 (30.
Kg2 Qb7+ 31. f3 $18) 1-0

[Event "Hoogovens"]
[Site "Wijk aan Zee"]
[Date "1999.01.24"]
[Round "7"]
[White "Sokolov, Ivan"]
[Black "Svidler, Peter"]
[Result "1/2-1/2"]
[WhiteElo "2610"]
[BlackElo "2713"]
[Annotator "Ftacnik,L"]
[PlyCount "65"]
[EventDate "1999.01.16"]
[EventType "tourn"]
[EventRounds "13"]
[EventCountry "NED"]
[EventCategory "17"]
[SourceTitle "CBM 069"]
[Source "ChessBase"]
[SourceDate "1999.04.01"]
[SourceVersion "1"]
[SourceVersionDate "1999.04.01"]
[SourceQuality "1"]

1. d4 Nf6 2. c4 g6 3. Nc3 d5 4. Nf3 Bg7 5. Bg5 Ne4 6. Bf4 Nxc3 7. bxc3 dxc4 8.
e3 Be6 9. Qb1 (9. Ng5 $5 Bd5 10. e4 h6 11. exd5 hxg5 12. Qa4+ Kf8 13. Bxg5 Qxd5
14. Be3 b5 15. Qd1 a5 16. Be2 c6 17. a4 $14 {Guliev,S-Beshukov,S/Lugansk/1989/
0,5/48/}) 9... b6 (9... Qd5 $5 10. Nd2 O-O 11. Be2 Qa5 $1 12. Qb4 Qxb4 13. cxb4
Na6 14. a3 b5 $15 {Zvjaginsev,V-Svidler,P/Leningrad/1990/0-1 (63)}) 10. Ng5 Bd5
11. e4 Bb7 (11... h6 12. Nf3 (12. exd5 hxg5 13. Qb5+ Qd7 14. Qxd7+ Nxd7 15.
Bxg5 b5 $13) 12... Be6 13. Be5 O-O 14. Bxg7 Kxg7 15. d5 Bc8 16. Bxc4 c6 17. O-O
Bb7 18. Bb3 cxd5 19. exd5 Nd7 20. c4 Nc5 21. Qb2+ Kh7 22. Rad1 $14 {0-1 Frog,
I-Baikov,V/Moscow/1995/ (49)}) 12. Bxc4 O-O 13. h4 (13. O-O Nc6 14. Rd1 Na5 15.
Be2 c5 16. Qd3 {1/2-1/2 Zvjaginsev,V-Svidler,P/Jurmala 1992/ (16)}) 13... Ba6
14. Bxa6 Nxa6 15. Qb5 (15. O-O c5 16. Nf3 cxd4 17. cxd4 Qd7 18. Qb3 Bxd4 19.
Rad1 Qg4 20. Rxd4 Qxf4 21. e5 Qf5 22. Qe3 Nc5 {0-1 Zvjaginsev,V-Svidler,P/St.
Petersburg 1992/ (41)}) 15... Qc8 16. h5 c5 {Following the wisdom, that the
flank attack is best answered by the counteraction in the center.} (16... c6
17. Qb3 $14) 17. hxg6 hxg6 18. Rc1 (18. Rd1 Nc7 19. Qe2 Ne6 20. Nxe6 Qxe6 $14)
18... Nc7 19. Qd3 (19. Qc6 $2 Ne6 20. Qxc8 Raxc8 21. Nxe6 fxe6 $15) (19. Qe2
Ne6 20. Nxe6 Qxe6 21. d5 Qd7 22. c4 $14) 19... Qg4 20. g3 (20. Qh3 Qxh3 21.
Rxh3 $14) 20... e5 $1 {[%mdl 256] Tactics in the service of defence, black
opens air for his bishop g7.} 21. dxe5 (21. Be3 $6 exd4 22. cxd4 cxd4 23. Rxc7
dxe3 24. Qxe3 Rac8 $15) 21... Ne6 22. Qe2 (22. Nxe6 Qxe6 23. Qe2 (23. Qd5 Rae8
24. Qxe6 Rxe6 $11) 23... Rfe8 24. f3 Bxe5 25. Qh2 b5 $14) 22... Qxe2+ 23. Kxe2
Nxg5 (23... Rfe8 $6 24. Nh7 $16) 24. Bxg5 Bxe5 25. f4 Bg7 (25... f6 $2 26. Bh6
$18) 26. e5 f6 $1 {Otherwise the pressure along h file would become decisive.}
27. exf6 Bxf6 28. Rh6 Kg7 (28... Bxg5 $2 29. Rxg6+ Kf7 30. Rxg5 $16) 29. Bxf6+
Kxf6 (29... Kxh6 $4 30. Rh1#) (29... Rxf6 30. Rch1 Rd6 $11) 30. Rd1 Rfe8+ 31.
Kf3 Rad8 32. Rxd8 (32. Rhh1 b5 $11) 32... Rxd8 33. Rh7 (33. Rh7 Rd3+ 34. Kg4
Rxc3 35. Rxa7 $11) 1/2-1/2

[Event "Muenster"]
[Site "Muenster"]
[Date "1992.??.??"]
[Round "3"]
[White "Schaefer, Markus"]
[Black "Jansa, Vlastimil"]
[Result "0-1"]
[WhiteElo "2435"]
[BlackElo "2455"]
[Annotator "Ftacnik,L"]
[PlyCount "84"]
[EventDate "1992.07.??"]
[EventType "tourn"]
[EventRounds "11"]
[EventCountry "GER"]
[EventCategory "8"]
[SourceTitle "CBM 031"]
[Source "ChessBase"]
[SourceDate "1992.12.01"]
[SourceVersion "1"]
[SourceVersionDate "1992.12.01"]
[SourceQuality "1"]

1. d4 Nf6 2. Nf3 g6 3. c4 Bg7 4. Nc3 d5 5. Bg5 Ne4 6. cxd5 Nxg5 7. Nxg5 e6 8.
Qd2 exd5 9. Qe3+ Kf8 10. Qf4 Bf6 11. h4 h6 12. Nf3 Be6 (12... Kg7 13. e3 Be6
14. Bd3 c6 15. Qg3 Nd7 16. Ne2 Qb8 17. Nf4 $40) 13. e3 c6 14. Bd3 Nd7 15. Ne2
Qb8 $1 16. Kd2 Kg7 17. Qxb8 Raxb8 18. Nf4 Rhe8 19. Rag1 (19. h5 g5 20. Nxe6+
fxe6 $36) 19... Bd8 20. Nxe6+ Rxe6 21. h5 g5 22. Bf5 Re7 23. g4 Bc7 24. Nh2 Nf6
(24... Bxh2 $6 25. Rxh2 Nf6 $10) 25. Nf1 b6 $1 26. Ng3 c5 27. Ne2 (27. Bc2 Bxg3
28. Rxg3 cxd4 29. exd4 Rbe8 $15) 27... c4 28. Bc2 b5 29. Ng3 (29. b4 a5 30. a3
Bd6 $17) 29... Bxg3 30. Rxg3 b4 31. Rb1 Re6 32. Rgg1 Ra6 $1 33. Ra1 Rb5 34. f3
Rba5 35. Bb1 (35. a3 bxa3 36. bxa3 Rxa3 37. Rxa3 Rxa3 $17) 35... Ne8 36. f4 Nd6
37. fxg5 hxg5 38. Rf1 c3+ $1 39. bxc3 Nc4+ 40. Kd3 Ra3 41. Rc1 Re6 42. h6+ Rxh6
{Ftacnik,L} 0-1

[Event "Olympiad-38"]
[Site "Dresden"]
[Date "2008.11.16"]
[Round "4"]
[White "Harikrishna, Pentala"]
[Black "Svidler, Peter"]
[Result "1-0"]
[WhiteElo "2659"]
[BlackElo "2727"]
[Annotator "Ftacnik,L"]
[PlyCount "53"]
[EventDate "2008.11.13"]
[EventType "team-swiss"]
[EventRounds "11"]
[EventCountry "GER"]
[SourceTitle "CBM 128"]
[Source "ChessBase"]
[SourceDate "2009.01.28"]
[SourceVersion "1"]
[SourceVersionDate "2009.01.28"]
[SourceQuality "1"]
[WhiteTeam "India"]
[BlackTeam "Russia"]
[WhiteTeamCountry "IND"]
[BlackTeamCountry "RUS"]

1. d4 Nf6 2. c4 g6 3. Nc3 d5 4. Bg5 Ne4 5. Bh4 Nxc3 6. bxc3 dxc4 7. e3 {
One of the recent topics of chess fashion against the Gruenfeld Defence. The
defence of the c4-pawn will cost Black time and his pieces may end up on less
than perfect squares.} Be6 8. Be2 Bg7 9. Nf3 c5 10. O-O O-O 11. Ng5 Bd5 12. e4
h6 (12... Bc6 13. d5 Bb5 14. a4 Ba6 15. Qd2 (15. Rc1 h6 16. Nh3 b5 17. axb5
Bxb5 18. f4 Nd7 19. Qe1 Nb6 20. f5 {1-0 Langeweg,K (2390)-Roos,D (2350)/Metz
1987 (37)}) (15. Qc2 Qa5 16. Rfc1 Nd7 17. f4 h6 18. Nf3 e5 19. dxe6 fxe6 20. e5
Rxf4 21. Qxg6 Nf8 22. Qg3 {1-0 Ivanisevic,I (2542)-Popovic,P (2508)/Herceg
Novi 2005 (52)}) 15... e6 16. Nf3 Qd6 17. e5 Qxd5 18. Qe3 Nd7 19. Rfd1 Qc6 20.
Be7 Rfe8 21. Bd6 f6 22. h4 Rad8 23. h5 {1-0 Gligoric,S (2600)-Portisch,L (2630)
/Amsterdam 1971 (41)}) 13. exd5 hxg5 14. Bxg5 cxd4 15. Bxc4 dxc3 (15... b5 16.
Bb3 dxc3 17. Re1 Qd7 18. Bxe7 Na6 19. Qf3 Qf5 20. Qxf5 gxf5 21. Bxf8 Kxf8 22.
d6 $16 {1-0 Martinovic,S (2400)-Schneider,V (2238)/Pula 2007 (34)}) 16. Rc1 Qd6
17. Re1 Re8 {Black has to defend against the unpleasant pressure of enemy
pieces, but the compensation for the pain in the form of the passed c3-pawn
could prove to be sufficient.} (17... Be5 18. f4 Qc5+ 19. Kh1 Qxc4 (19... Bd6
20. Qd3 $14) 20. fxe5 $14) 18. Qe2 Kf8 (18... f6 $2 19. Bh4 $16) (18... Bf6 19.
Bxf6 Qxf6 20. Bb5 Rd8 21. Qxe7 Qxe7 22. Rxe7 Rxd5 23. Rxb7 $16) 19. Qf3 Nd7 (
19... Be5 20. Rxe5 $1 Qxe5 21. d6 e6 22. Bh6+ Kg8 23. Qxb7 Qc5 24. Qxa8 Qxc4
25. Qf3 $16) 20. Bf4 Qc5 {This modest and good queen move is probably weaker
than the troubling 20...Qb4.} (20... Be5 21. Bxe5 Nxe5 22. Qxc3 $14) (20... Qb4
$1 21. Bd3 Kg8 22. Rb1 Qd4 23. Rxb7 Nc5 24. Be3 Qxd3 25. Bxc5 Qxf3 26. gxf3
Rad8 $17) 21. Bb3 Kg8 (21... b5 22. Re6 Bf6 23. Rc6 Qb4 24. d6 Kg7 25. h4 $36)
22. g4 {Harikrishna deserves credit for his fighting spirit. White's agressive
move aspires for more than the forced opening of the position with the help of
the d5-d6 advance.} (22. d6 exd6 23. Bxd6 Rxe1+ 24. Rxe1 Qxd6 25. Qxf7+ Kh8 26.
Rd1 $1 (26. Re7 Qf6 27. Rxd7 Qxf7 28. Rxf7 Rc8 $17) 26... Ne5 (26... Bd4 27.
Rd3 Bxf2+ 28. Qxf2 Qxd3 29. Qh4+ Kg7 30. Qe7+ $11) 27. Qxg7+ Kxg7 28. Rxd6 Re8
29. h4 Re7 30. Bc2 $11) 22... Nb6 (22... Bd4 23. Be3 Rac8 24. d6 e6 25. Qxb7
Qxd6 26. Red1 e5 27. Qxa7 $11) 23. d6 $1 e6 (23... exd6 $2 24. Bxf7+ Kxf7 25.
Bxd6+ $18) 24. Qxb7 Red8 $2 {[%mdl 8192] Due to the preparation Svidler
probably had great confidence in the defensive capabilities of his position.
The rook has stopped defending the sensitive square e6 and White will
immediately benefit with the help of a painful blow.} (24... g5 25. Bg3 Rad8
26. Qc7 Qb5 27. Qb7 Qc5 $11) 25. Rxe6 $1 Rab8 (25... fxe6 26. Bxe6+ Kh8 27. Qf3
Bd4 28. Qh3+ Kg7 29. Qh6+ Kf6 30. Bf5 $1 Bxf2+ 31. Kg2 Rg8 32. Qg5+ $18) 26.
Qf3 Nc4 (26... Nd7 27. Rxg6 Rxb3 28. Rg5 $18) 27. Re7 {The black defence has
collapsed with the opening of the a2-g8 diagonal. All the white pieces will be
realising their potential to the maximum.} (27. Re7 Rbc8 28. Bh6 Rf8 29. Bxg7
Kxg7 30. Qxc3+ $18) 1-0

[Event "Yangon zt playoff"]
[Site "Yangon"]
[Date "1998.12.16"]
[Round "4"]
[White "Adianto, Utut"]
[Black "Lioe, Dede"]
[Result "1-0"]
[WhiteElo "2610"]
[BlackElo "2375"]
[Annotator "Ftacnik,L"]
[PlyCount "61"]
[EventDate "1998.12.??"]
[EventType "tourn"]
[EventRounds "6"]
[EventCountry "BUR"]
[EventCategory "10"]
[SourceTitle "CBM 069"]
[Source "ChessBase"]
[SourceDate "1999.04.01"]
[SourceVersion "1"]
[SourceVersionDate "1999.04.01"]
[SourceQuality "1"]

1. d4 Nf6 2. c4 g6 3. Nc3 d5 4. Nf3 Bg7 5. Bg5 Ne4 6. cxd5 Nxg5 7. Nxg5 e6 8.
Nf3 exd5 9. e3 O-O 10. b4 c6 11. Be2 a5 12. b5 c5 (12... a4 13. O-O Qa5 14. Qd2
Bg4 (14... Be6 15. Rab1 Nd7 16. Rfc1 Rfc8 17. Ng5 c5 18. Nxe6 fxe6 19. b6 cxd4
20. exd4 Nxb6 21. Rb5 Qa7 {1/2-1/2 Adianto,U-Ftacnik,L/Thessaloniki/1988/ (41)}
) 15. bxc6 bxc6 16. h3 Bxf3 17. Bxf3 Nd7 18. Rab1 Rfb8 19. Rxb8+ Rxb8 20. Rb1
Rb6 21. Rxb6 Nxb6 22. Qc2 c5 {1/2-1/2 Ostermeyer,P-Kortschnoj,V/Biel 1984/ (40)
}) 13. O-O (13. Rc1 c4 14. O-O (14. e4 dxe4 15. Nxe4 Re8 16. Ng3 Nd7 17. Rxc4
Nb6 18. Rc2 h5 19. h4 Bg4 20. O-O a4 21. Qd2 a3 22. Rfc1 Ra4 23. Rc7 Bxf3 24.
Bxf3 Rxd4 {0-1 Schroer,J-Williams,L/Quebec 1986/ (40)}) 14... Bf5 (14... Be6
15. e4 dxe4 (15... Bh6 16. exd5 Bf5 17. Nd2 Nd7 18. f4 Nb6 19. Nxc4 Nxc4 20.
Bxc4 Qc7 21. Ne2 Bg4 22. Qd2 Bg7 23. h3 Bxh3 24. gxh3 {1-0 Maedler,J-Estrin,Y/
W-ch8 corr7581 1975/ (24)}) 16. Nxe4 Nd7 17. Bxc4 Bxc4 18. Rxc4 Nb6 19. Rc5 Qe7
20. Qc2 Rae8 21. Ned2 Qe2 {1/2-1/2 Chiburdanidze,M-Qin Kanying/Jakarta 1993/ 
(36)}) 15. Nd2 (15. Ne5 Qd6 16. Bf3 Bxe5 17. dxe5 Qxe5 18. Qxd5 Nd7 19. Qxc4
Rac8 20. Qd4 Qxd4 21. exd4 Rc4 22. Bxb7 Rxd4 23. Rfd1 Rb4 24. Nd5 Rb2 25. Ne7+
{1-0 Tsiganova,M-Stillger,B/Groningen 1993/ (25)}) 15... Re8 16. Bf3 Be6 17. e4
dxe4 18. Ncxe4 Bd5 19. Re1 Nd7 20. Nxc4 Bxc4 21. Rxc4 Nb6 22. Rc2 Qxd4 23. Qxd4
Bxd4 24. Rd1 Bg7 25. Rc7 Re5 26. Rxb7 {1-0 Caselas,J-Leira,J/La Coruna 1993/ 
(30)}) 13... Be6 14. Rc1 b6 $2 {[%mdl 16384] Serious mistake, black does not
realize that his hanging pawns will be excellently blocked and also attacked.}
(14... c4) 15. dxc5 $1 bxc5 16. Na4 c4 17. Nd4 Nd7 (17... Qg5 $5 18. b6 $14)
18. Nc6 Qg5 (18... Qc7 19. Ne7+ $18) 19. f4 Qh4 (19... Qf6 20. Bf3 $16) 20. Bf3
{The fate of d5 pawn is sealed, black will hardly find many followers.} Rfe8
21. Re1 (21. Bxd5 Bxd5 22. Qxd5 Nf6 23. Qg5 Qxg5 24. fxg5 Nd5 25. Rfe1 $16)
21... Bf8 (21... Nf6 22. Nb6 $18) 22. Bxd5 Nc5 (22... Bxd5 23. Qxd5 Nf6 24. Qg5
Qxg5 25. fxg5 Nd5 26. Rxc4 $18) 23. g3 (23. Bxe6 Rxe6 24. Nb6 Rae8 25. Nxc4 Ne4
$16) 23... Qf6 24. Nxc5 (24. Bxc4 $5 $16) 24... Bxc5 25. Rxc4 Bxd5 26. Rxc5 (
26. Qxd5 Rxe3 27. Rxe3 Bxe3+ 28. Kg2 $16) 26... Bxa2 (26... Bxc6 27. bxc6 $18)
27. b6 {White b pawn is very dangerous and black has no power to stop him.} Qb2
(27... Rac8 28. b7 Rxc6 29. Qd7 Qe6 30. Qxc6 Qxc6 31. Rxc6 $18) 28. Qd4 Qxb6 (
28... Qxd4 29. Nxd4 Reb8 30. Ra1 Be6 31. Rb1 Rb7 32. Rc7 Rab8 33. Nxe6 fxe6 34.
Rd1 Rxb6 35. Rdd7 h5 36. Rg7+ Kf8 37. Rcf7+ Ke8 38. Ra7 Rb1+ 39. Kg2 Kf8 40.
Rxg6 $18) 29. Ne7+ Kf8 (29... Rxe7 30. Rc8+ Rxc8 31. Qxb6 a4 32. Qa6 Rc4 $16)
30. Nc8 $1 {Neat tactical combination, black loses exchange to an unusual
trick.} Raxc8 31. Rxc8 (31. Rxc8 Qxd4 32. Rxe8+ Kxe8 33. exd4+ Kd7 34. Ra1 $18)
1-0